[Event "Heusenstamm Schloss op"]
[Site "Heusenstamm"]
[Date "2023.11.26"]
[Round "7"]
[White "Poysti, Nathanael Nicolai"]
[Black "Haack, Kevin"]
[Result "1/2-1/2"]
[WhiteElo "2142"]
[BlackElo "2302"]
[PlyCount "178"]
[EventDate "2023.11.23"]
[EventType "swiss"]
[EventRounds "7"]
[EventCountry "GER"]
[SourceTitle "CB48_2023"]
[SourceDate "2023.11.29"]
[SourceVersion "1"]
[SourceVersionDate "2023.11.29"]
[SourceQuality "1"]

1. c4 Nf6 2. g3 e6 3. Bg2 d5 4. Nf3 dxc4 5. Qa4+ Nbd7 6. Qxc4 c5 7. 0-0 b6 8. d3 Bb7 9. Nc3 a6 10. Qb3 Bd6 11. a4 0-0 12. Nd2 Bxg2 13. Kxg2 Bc7 14. Nc4 Nd5 15. Bd2 Nb4 16. Ne4 Nc6 17. Bc3 Rb8 18. Ne3 Qe7 19. Nd2 Rfd8 20. Nf3 Nf6 21. Bxf6 Qxf6 22. Rfd1 Nb4 23. Rac1 Nd5 24. d4 h6 25. Qd3 Nxe3+ 26. Qxe3 Bd6 27. b3 Rbc8 28. Qe4 cxd4 29. Rxc8 Rxc8 30. Rxd4 Bc5 31. Qb7 Rf8 32. Rd3 a5 33. Qe4 Qb2 34. Nd2 Qf6 35. Nf3 Rd8 36. Rxd8+ Qxd8 37. Ne5 Qc7 38. Nd3 Be7 39. Qc4 Qb7+ 40. f3 Qd7 41. Kf2 h5 42. h4 g6 43. Kg2 Bf6 44. Nf2 Be5 45. Nd3 Bc7 46. Nf2 Be5 47. Nd3 Bd4 48. Nf4 Qd6 49. Nd3 Kg7 50. Nf4 Be5 51. Qe4 Kf6 52. Qe3 Kg7 53. Qe4 Qc7 54. Qe3 Qb8 55. Kh3 Qd6 56. Kg2 Bf6 57. Qd3 Qb4 58. Nh3 Qa3 59. Nf2 Qa1 60. Ne4 Bd4 61. Nf2 Kg8 62. Qc4 Bc5 63. Qd3 Kf8 64. Qd8+ Kg7 65. Qd3 Qe1 66. Nh3 Kg8 67. Qd8+ Kh7 68. Qd3 Kg7 69. Qc2 Bd6 70. f4 Bc5 71. Qd3 Qc1 72. Nf2 Be3 73. Nh3 Qc6+ 74. Kh2 Bc5 75. Ng5 Qc7 76. Qc3+ Kg8 77. Ne4 f5 78. Nxc5 Qxc5 79. Qxc5 bxc5 80. Kg2 Kf7 81. Kf3 Ke7 82. Ke3 Kd6 83. Kd3 Kd5 84. e3 Kd6 85. Kc4 Kc6 86. Kc3 Kd5 87. Kd3 Kd6 88. Kc4 Kc6 89. Kc3 Kd5 1/2-1/2

[Event "Heusenstamm Schloss op"]
[Site "Heusenstamm"]
[Date "2023.11.25"]
[Round "5"]
[White "Golubka, Petr"]
[Black "Haack, Kevin"]
[Result "1-0"]
[WhiteElo "2419"]
[BlackElo "2302"]
[PlyCount "91"]
[EventDate "2023.11.23"]
[EventType "swiss"]
[EventRounds "7"]
[EventCountry "GER"]
[SourceTitle "CB48_2023"]
[SourceDate "2023.11.29"]
[SourceVersion "1"]
[SourceVersionDate "2023.11.29"]
[SourceQuality "1"]

1. e4 c6 2. d4 d5 3. f3 dxe4 4. fxe4 e5 5. Nf3 Bg4 6. Bc4 Nd7 7. 0-0 Ngf6 8. c3 Bd6 9. Be3 0-0 10. Nbd2 Qe7 11. h3 Bh5 12. Qc2 Rae8 13. Nh4 Bg6 14. Bg5 Qd8 15. Nf5 Bxf5 16. Rxf5 b5 17. Bb3 Qb6 18. Be3 exd4 19. cxd4 Bb4 20. Nf3 Rxe4 21. Bf2 g6 22. Re5 Rf4 23. Rc1 Qb8 24. Qxc6 Nxe5 25. dxe5 Rxf3 26. Qxf3 Qxe5 27. Bg3 Qxb2 28. Rc7 Bd6 29. Bxd6 Qd4+ 30. Kh1 Qxd6 31. Rc6 Qe5 32. Qxf6 Qxf6 33. Rxf6 a5 34. Rb6 Ra8 35. Rxb5 Ra7 36. a4 Kg7 37. Kg1 f5 38. Kf2 Kf6 39. Bd5 Ra6 40. Ke3 Kg5 41. Bb7 Re6+ 42. Kf3 Re7 43. Bd5 Ra7 44. Rb7 Ra6 45. Rxh7 Rd6 46. h4+ 1-0

[Event "Heusenstamm Schloss op"]
[Site "Heusenstamm"]
[Date "2023.11.24"]
[Round "3"]
[White "Capelja, Christian"]
[Black "Haack, Kevin"]
[Result "0-1"]
[WhiteElo "2007"]
[BlackElo "2302"]
[PlyCount "86"]
[EventDate "2023.11.23"]
[EventType "swiss"]
[EventRounds "7"]
[EventCountry "GER"]
[SourceTitle "CB48_2023"]
[SourceDate "2023.11.29"]
[SourceVersion "1"]
[SourceVersionDate "2023.11.29"]
[SourceQuality "1"]

1. e4 c6 2. d4 d5 3. e5 Bf5 4. h4 h5 5. Bd3 Bxd3 6. Qxd3 Qa5+ 7. Nd2 e6 8. Ngf3 Nh6 9. 0-0 Nf5 10. c4 Be7 11. g3 0-0 12. Rd1 Rd8 13. Nf1 c5 14. cxd5 Rxd5 15. Ne3 Nxe3 16. Bxe3 Nc6 17. Qc3 Qd8 18. Qb3 cxd4 19. Bg5 Bxg5 20. Nxg5 Nxe5 21. Qxb7 Qc8 22. Qxc8+ Rxc8 23. Rac1 Rxc1 24. Rxc1 Kf8 25. f4 Nd7 26. Kf2 Nc5 27. Ke2 a5 28. b3 Ke7 29. Kf3 f6 30. Ne4 Nd3 31. Rd1 Nb4 32. Rd2 Na6 33. Nf2 Kd6 34. Ne4+ Kc6 35. Rc2+ Kb5 36. Rc8 Kb4 37. Rc6 f5 38. Rc4+ Ka3 39. Ra4+ Kb2 40. Nf2 Nb4 41. Ke2 Nxa2 42. Kd3 Kxb3 43. Rxd4 Nb4+ 0-1

[Event "Marburg op-A"]
[Site "Marburg"]
[Date "2023.10.28"]
[Round "5"]
[White "Rahimi, Rahim"]
[Black "Haack, Kevin"]
[Result "0-1"]
[WhiteElo "2045"]
[BlackElo "2283"]
[PlyCount "80"]
[EventDate "2023.10.26"]
[EventType "swiss"]
[EventRounds "7"]
[EventCountry "GER"]
[SourceTitle "CB49_2023"]
[SourceDate "2023.12.06"]
[SourceVersion "1"]
[SourceVersionDate "2023.12.06"]
[SourceQuality "1"]

1. e4 c6 2. d4 d5 3. exd5 cxd5 4. g3 Nf6 5. Bg2 h5 6. h3 Bf5 7. c4 Nc6 8. c5 e5 9. Ne2 exd4 10. Nxd4 Nxd4 11. Qxd4 Rc8 12. b4 b6 13. Ba3 a5 14. Qe3+ Be6 15. cxb6 axb4 16. b7 Rb8 17. Bb2 Be7 18. Nd2 0-0 19. Nf3 Rxb7 20. Ng5 Bf5 21. 0-0 Rd7 22. Rad1 Re8 23. Qd4 Bf8 24. Qh4 Bg6 25. Rd2 Ne4 26. Nxe4 dxe4 27. Rxd7 Qxd7 28. Qf4 Qe6 29. Ra1 Ra8 30. Qe5 Rxa2 31. Qxe6 Rxa1+ 32. Bxa1 fxe6 33. Bf1 Be7 34. Bc4 Bf7 35. Be5 Bf6 36. Bd6 Bc3 37. Kf1 e5 38. Bxf7+ Kxf7 39. Ke2 Ke6 40. Bf8 g6 0-1

[Event "Titled Tuesday intern op 18th Jul Early"]
[Site "Chess.com INT"]
[Date "2023.07.18"]
[Round "1"]
[White "Bodnaruk, Anastasia"]
[Black "Haack, Kevin"]
[Result "1-0"]
[WhiteElo "2356"]
[BlackElo "2296"]
[PlyCount "63"]
[EventDate "2023.07.18"]
[EventType "swiss (blitz)"]
[EventRounds "11"]
[EventCountry "USA"]
[SourceTitle "EXT 2024"]
[Source "ChessBase"]
[SourceDate "2023.10.10"]
[SourceVersion "1"]
[SourceVersionDate "2023.10.10"]
[SourceQuality "1"]

1. e4 c5 2. Nc3 Nc6 3. Bb5 g6 4. Bxc6 dxc6 5. d3 Bg7 6. Be3 b6 7. Qd2 Nf6 8. h3 0-0 9. Bh6 Be6 10. Nf3 c4 11. d4 b5 12. e5 Nd5 13. Ne4 b4 14. Bxg7 Kxg7 15. 0-0 Bf5 16. Nc5 c3 17. bxc3 bxc3 18. Qd1 e6 19. g4 Nf4 20. gxf5 gxf5 21. Kh2 Kh8 22. Rg1 Rg8 23. Rg3 Qf8 24. Rxg8+ Qxg8 25. Qg1 Qf8 26. Qg5 Nd5 27. Rg1 h6 28. Qh4 Kh7 29. Ng5+ Kh8 30. Nd7 Qg7 31. Nxe6 Qh7 32. Nf6 1-0

[Event "Titled Tuesday intern op 18th Jul Early"]
[Site "Chess.com INT"]
[Date "2023.07.18"]
[Round "9"]
[White "Haack, Kevin"]
[Black "Slovineanu, Viacheslav"]
[Result "1-0"]
[WhiteElo "2296"]
[BlackElo "2412"]
[PlyCount "89"]
[EventDate "2023.07.18"]
[EventType "swiss (blitz)"]
[EventRounds "11"]
[EventCountry "USA"]
[SourceTitle "EXT 2024"]
[Source "ChessBase"]
[SourceDate "2023.10.10"]
[SourceVersion "1"]
[SourceVersionDate "2023.10.10"]
[SourceQuality "1"]

1. c4 e5 2. Nc3 Bb4 3. Nd5 Be7 4. g3 Nf6 5. Nxe7 Qxe7 6. Bg2 d6 7. d3 h6 8. Nf3 0-0 9. 0-0 c5 10. a3 Nc6 11. Rb1 a5 12. b3 Bf5 13. e4 Bg4 14. Bd2 Nd4 15. Bc3 Nd7 16. Bxd4 cxd4 17. Qe2 Nc5 18. Qd2 Bxf3 19. Bxf3 Ra7 20. Bd1 f5 21. exf5 Rxf5 22. b4 Ne6 23. Bg4 Rf6 24. Bxe6+ Qxe6 25. bxa5 Qd7 26. Rb5 Rf8 27. Rfb1 Rfa8 28. Qb4 Qc7 29. Rxb7 Rxb7 30. Qxb7 Qxa5 31. Qd7 Qxa3 32. Rb7 Qc1+ 33. Kg2 Qg5 34. Qxd6 Rf8 35. Qe6+ Kh8 36. Rf7 Rxf7 37. Qxf7 Qd2 38. Qf8+ Kh7 39. Qf5+ Kh8 40. Qe4 Kg8 41. c5 Qc3 42. Qxe5 Qxd3 43. c6 Qc4 44. c7 Kf7 45. Qf5+ 1-0

[Event "Titled Tuesday intern op 11th Jul Early"]
[Site "Chess.com INT"]
[Date "2023.07.11"]
[Round "5"]
[White "Haack, Kevin"]
[Black "Begmuratov, Alisher"]
[Result "1-0"]
[WhiteElo "2296"]
[BlackElo "2395"]
[PlyCount "81"]
[EventDate "2023.07.11"]
[EventType "swiss (blitz)"]
[EventRounds "11"]
[EventCountry "USA"]
[SourceTitle "EXT 2024"]
[Source "ChessBase"]
[SourceDate "2023.10.10"]
[SourceVersion "1"]
[SourceVersionDate "2023.10.10"]
[SourceQuality "1"]

1. c4 c5 2. Nc3 Nc6 3. g3 g6 4. Bg2 Bg7 5. a3 e5 6. b4 d6 7. bxc5 dxc5 8. Rb1 Nge7 9. e3 0-0 10. Nge2 Qd3 11. Qa4 Bg4 12. Rxb7 Rac8 13. Be4 Qd8 14. 0-0 Bh3 15. Rd1 Na5 16. Rxe7 Qxe7 17. Qxa5 Rb8 18. Nd5 Qg5 19. a4 Qh5 20. Nec3 Bg4 21. Re1 Bf3 22. Bxf3 Qxf3 23. Qxc5 e4 24. Qe7 Rfe8 25. Qc7 g5 26. Ba3 h5 27. Nb5 Rbc8 28. Qd7 h4 29. Qh3 Rxc4 30. Nd6 Rxa4 31. Nxe8 Rxa3 32. Nxg7 Kxg7 33. Qg2 Qf5 34. Nc3 Rxc3 35. dxc3 h3 36. Qf1 g4 37. Qe2 Qc8 38. Rc1 Kg6 39. c4 Kg5 40. Qd1 f5 41. c5 1-0

[Event "Titled Tuesday intern op 11th Jul Early"]
[Site "Chess.com INT"]
[Date "2023.07.11"]
[Round "8"]
[White "Haack, Kevin"]
[Black "Kvaloy, Aksel Bu"]
[Result "0-1"]
[WhiteElo "2296"]
[BlackElo "2415"]
[PlyCount "170"]
[EventDate "2023.07.11"]
[EventType "swiss (blitz)"]
[EventRounds "11"]
[EventCountry "USA"]
[SourceTitle "EXT 2024"]
[Source "ChessBase"]
[SourceDate "2023.10.10"]
[SourceVersion "1"]
[SourceVersionDate "2023.10.10"]
[SourceQuality "1"]

1. Nf3 Nf6 2. g3 e6 3. Bg2 d5 4. 0-0 Be7 5. b3 0-0 6. Bb2 c5 7. c4 Nc6 8. e3 d4 9. exd4 cxd4 10. Re1 a5 11. Ne5 Nxe5 12. Rxe5 Bd6 13. Rb5 e5 14. Bxb7 Bxb7 15. Rxb7 Qc8 16. Rb5 Qh3 17. Qf3 e4 18. Qg2 Qg4 19. Bxd4 a4 20. b4 Qe2 21. Nc3 Qxc4 22. Rb6 Qxd4 23. Rb5 Bxb4 24. Re1 Bxc3 25. dxc3 Qxc3 26. Reb1 e3 27. fxe3 Qxe3+ 28. Kh1 Ne4 29. R5b2 a3 30. Re2 Rab8 31. Rbe1 Qd3 32. Qxe4 Qxe4+ 33. Rxe4 Rb2 34. Ra4 Rxa2 35. Re3 Rb8 36. Rb4 Rc8 37. Rc4 Rd8 38. Rd4 Ra8 39. Ra4 Rc8 40. Rc4 Rf8 41. Ra4 h5 42. Raxa3 Rxa3 43. Rxa3 g5 44. Ra5 f6 45. Kg2 Kg7 46. Kf3 Kg6 47. Rb5 Ra8 48. Rc5 Ra3+ 49. Kg2 Ra2+ 50. Kg1 Kf7 51. Rc7+ Ke6 52. Rh7 Kf5 53. Rc7 Kg4 54. Rc6 f5 55. Rc4+ Kh3 56. Rc5 Ra1+ 57. Kf2 Ra2+ 58. Kg1 Rg2+ 59. Kf1 Kxh2 60. Rxf5 Rg1+ 61. Kf2 Rg2+ 62. Kf1 Rxg3 63. Rf2+ Kh3 64. Rf7 Ra3 65. Rh7 h4 66. Rc7 g4 67. Kg1 g3 68. Rc1 Ra2 69. Kh1 Ra4 70. Kg1 Kg4 71. Rc3 h3 72. Rc1 Rf4 73. Ra1 g2 74. Rb1 Rf1+ 75. Rxf1 Kg3 76. Rf3+ Kxf3 77. Kh2 Kf2 78. Kxh3 g1Q 79. Kh4 Qg3+ 80. Kh5 Kf3 81. Kh6 Kf4 82. Kh7 Qg5 83. Kh8 Kf5 84. Kh7 Kf6 85. Kh8 Qg7# 0-1

[Event "Titled Tuesday intern op 11th Jul Early"]
[Site "Chess.com INT"]
[Date "2023.07.11"]
[Round "6"]
[White "Schmakel, Sam A"]
[Black "Haack, Kevin"]
[Result "1-0"]
[WhiteElo "2449"]
[BlackElo "2296"]
[PlyCount "75"]
[EventDate "2023.07.11"]
[EventType "swiss (blitz)"]
[EventRounds "11"]
[EventCountry "USA"]
[SourceTitle "EXT 2024"]
[Source "ChessBase"]
[SourceDate "2023.10.10"]
[SourceVersion "1"]
[SourceVersionDate "2023.10.10"]
[SourceQuality "1"]

1. c4 e5 2. Nc3 Nf6 3. Nf3 Nc6 4. d3 a6 5. g3 Bc5 6. Bg2 d6 7. 0-0 h6 8. Rb1 0-0 9. a3 Be6 10. b4 Ba7 11. b5 axb5 12. Nxb5 Bb6 13. Bb2 Ne7 14. Qc2 c6 15. Nc3 Nd7 16. a4 f5 17. Ba3 Bc5 18. Bc1 Qc7 19. Rd1 Ba7 20. Bd2 Nf6 21. Rb2 Ng4 22. e3 e4 23. dxe4 Bxc4 24. exf5 Nxf5 25. Rdb1 Rab8 26. h3 Ne5 27. Nxe5 dxe5 28. Ne4 Bd5 29. Nf6+ Rxf6 30. Bxd5+ Kh8 31. Be4 Nd6 32. Bg2 Rbf8 33. Be1 Qd7 34. Rd1 Qc7 35. Qb3 Bc5 36. Bc3 R8f7 37. Bxe5 Re6 38. Qxe6 1-0

[Event "Titled Tuesday intern op 20th Jun Early"]
[Site "Chess.com INT"]
[Date "2023.06.20"]
[Round "1"]
[White "Haack, Kevin"]
[Black "Jimenez Almeida, Luis David"]
[Result "1-0"]
[WhiteElo "2303"]
[BlackElo "2242"]
[PlyCount "103"]
[EventDate "2023.06.20"]
[EventType "swiss (blitz)"]
[EventRounds "11"]
[EventCountry "USA"]
[SourceTitle "EXT 2024"]
[Source "ChessBase"]
[SourceDate "2023.10.10"]
[SourceVersion "1"]
[SourceVersionDate "2023.10.10"]
[SourceQuality "1"]

1. c4 e5 2. Nc3 Nc6 3. Nf3 Nf6 4. e4 Bc5 5. Nxe5 0-0 6. Nf3 Re8 7. d3 d5 8. cxd5 Nxd5 9. Be2 Ndb4 10. a3 Na6 11. b4 Bd4 12. Bb2 Ne7 13. 0-0 Bb6 14. d4 c6 15. Qd2 Bg4 16. Na4 Bc7 17. Rfd1 Ng6 18. h3 Be6 19. Qc2 Nf4 20. Bxa6 bxa6 21. Nc5 Bc8 22. Bc1 Qf6 23. Bxf4 Qxf4 24. e5 Bxh3 25. Qe4 Qxe4 26. Nxe4 Be6 27. Rac1 Bd5 28. Nc3 Bb3 29. Rd2 a5 30. Rb2 Be6 31. Ne4 axb4 32. axb4 Bb6 33. Nd6 Red8 34. Rxc6 Bd5 35. Rc1 Bxf3 36. gxf3 Bxd4 37. Re2 Bxe5 38. Rxe5 Rxd6 39. Rc7 Rf6 40. Rxa7 Rb8 41. Rb7 Rc8 42. Rc5 Rf8 43. Kg2 g6 44. Rcc7 Rd8 45. b5 Rd3 46. Rc8+ Kg7 47. Rc2 Rdxf3 48. Rb2 Rc3 49. b6 Rcc6 50. Kg3 g5 51. Kg2 Kg6 52. Kg3 1-0

[Event "Rhein Main op-A 25th"]
[Site "Bad Homburg"]
[Date "2023.06.09"]
[Round "4"]
[White "Rubsamen, Cornelius"]
[Black "Haack, Kevin"]
[Result "1/2-1/2"]
[WhiteElo "2183"]
[BlackElo "2303"]
[PlyCount "75"]
[EventDate "2023.06.07"]
[EventType "swiss"]
[EventRounds "7"]
[EventCountry "GER"]
[SourceTitle "CBM 215 Extra"]
[Source "ChessBase"]
[SourceDate "2023.09.30"]
[SourceVersion "1"]
[SourceVersionDate "2023.09.30"]
[SourceQuality "1"]

1. e4 c5 2. c3 d5 3. exd5 Qxd5 4. d4 e6 5. Nf3 Nf6 6. Na3 Qd8 7. Nc4 Nc6 8. Be3 Nd5 9. Be2 Nxe3 10. fxe3 Be7 11. 0-0 0-0 12. Nfe5 Qc7 13. Bd3 Nxe5 14. Nxe5 Bd6 15. Nf3 e5 16. Kh1 Qe7 17. Qc2 h6 18. Bh7+ Kh8 19. Bf5 g6 20. Bxg6 exd4 21. Bf5 dxe3 22. Rae1 Be6 23. Qd3 Bxf5 24. Qxf5 Rae8 25. Qh5 Kh7 26. Qf5+ Kh8 27. Qh5 Qf6 28. Nh4 Qg5 29. Qxg5 hxg5 30. Nf5 Bf4 31. g3 Re5 32. gxf4 Rxf5 33. Rxe3 Rxf4 34. Rxf4 gxf4 35. Rf3 Rd8 36. Kg2 Rd2+ 37. Rf2 Rd1 38. Rxf4 1/2-1/2

[Event "Titled Tuesday intern op 23rd May Late"]
[Site "Chess.com INT"]
[Date "2023.05.23"]
[Round "7"]
[White "Haack, Kevin"]
[Black "Narva, Triin"]
[Result "0-1"]
[WhiteElo "2303"]
[BlackElo "2044"]
[PlyCount "72"]
[EventDate "2023.05.23"]
[EventType "swiss (blitz)"]
[EventRounds "11"]
[EventCountry "USA"]
[SourceTitle "EXT 2024"]
[Source "ChessBase"]
[SourceDate "2023.10.10"]
[SourceVersion "1"]
[SourceVersionDate "2023.10.10"]
[SourceQuality "1"]

1. Nf3 g6 2. g3 Bg7 3. Bg2 Nf6 4. 0-0 0-0 5. c4 d6 6. d4 Nbd7 7. Nc3 c5 8. d5 a6 9. e4 b5 10. cxb5 axb5 11. Re1 b4 12. Nb1 Bb7 13. Qc2 Ng4 14. Nbd2 Ba6 15. Rb1 Nge5 16. Nxe5 Nxe5 17. Bf1 Bxf1 18. Kxf1 Rxa2 19. f4 Nd7 20. Nc4 Nb6 21. Qb3 Ra6 22. Be3 Qc7 23. Rbd1 Rfa8 24. e5 Nxc4 25. Qxc4 Ra2 26. Re2 Qd7 27. e6 fxe6 28. dxe6 Qc6 29. Kg1 Rxb2 30. f5 Qf3 31. Rde1 Rxe2 32. Qxe2 Qxf5 33. Rf1 Qxe6 34. Qf3 Rf8 35. Qe2 Rxf1+ 36. Kxf1 Bd4 0-1

[Event "Titled Tuesday intern op 16th May Late"]
[Site "Chess.com INT"]
[Date "2023.05.16"]
[Round "6"]
[White "Denishev, Marat"]
[Black "Haack, Kevin"]
[Result "1-0"]
[WhiteElo "2255"]
[BlackElo "2303"]
[PlyCount "79"]
[EventDate "2023.05.16"]
[EventType "swiss (blitz)"]
[EventRounds "11"]
[EventCountry "USA"]
[SourceTitle "CBM 214 Extra"]
[Source "ChessBase"]
[SourceDate "2023.07.31"]
[SourceVersion "1"]
[SourceVersionDate "2023.07.31"]
[SourceQuality "1"]

1. d4 c5 2. d5 Nf6 3. c4 e6 4. Nc3 exd5 5. cxd5 d6 6. e4 g6 7. Nf3 Bg7 8. h3 0-0 9. Bd3 a6 10. a4 Re8 11. 0-0 Nbd7 12. Bf4 Qc7 13. Nd2 Nh5 14. Bh2 Ne5 15. Be2 Nf6 16. f4 Ned7 17. Bf3 Rb8 18. a5 b5 19. axb6 Rxb6 20. Nc4 Rb4 21. Qd3 Nb6 22. Na5 Rd4 23. Qc2 Nc4 24. Nxc4 Rxc4 25. e5 Nd7 26. e6 Bd4+ 27. Kh1 Nf6 28. f5 Bb7 29. Qe2 Rb4 30. fxg6 fxg6 31. Ne4 Nxd5 32. Bg4 Be5 33. Rf7 Bxh2 34. Rxc7 Nxc7 35. Nf6+ Kf8 36. Nxe8 Kxe8 37. Kxh2 Re4 38. Qf3 d5 39. Qf7+ Kd8 40. Qd7# 1-0

[Event "Titled Tuesday intern op 16th May Late"]
[Site "Chess.com INT"]
[Date "2023.05.16"]
[Round "8"]
[White "Haack, Kevin"]
[Black "Bazilius, Augustinas"]
[Result "1-0"]
[WhiteElo "2303"]
[BlackElo "2050"]
[PlyCount "143"]
[EventDate "2023.05.16"]
[EventType "swiss (blitz)"]
[EventRounds "11"]
[EventCountry "USA"]
[SourceTitle "CBM 214 Extra"]
[Source "ChessBase"]
[SourceDate "2023.07.31"]
[SourceVersion "1"]
[SourceVersionDate "2023.07.31"]
[SourceQuality "1"]

1. e4 c5 2. c3 Nf6 3. e5 Nd5 4. d4 cxd4 5. Nf3 Nc6 6. cxd4 d6 7. Bc4 Nb6 8. Bb3 e6 9. 0-0 dxe5 10. dxe5 Qxd1 11. Rxd1 Be7 12. Nc3 a6 13. Ne4 0-0 14. Nd6 Rd8 15. Be3 Nd7 16. Nc4 b5 17. Nb6 Rb8 18. Nxd7 Bxd7 19. a3 Be8 20. Rac1 Rxd1+ 21. Rxd1 Rd8 22. Rxd8 Bxd8 23. Bc5 Be7 24. Bxe7 Nxe7 25. Ne1 Bc6 26. f4 Bd5 27. Bc2 Nc6 28. Nd3 Nd4 29. Bd1 a5 30. Kf2 Nc6 31. g3 f6 32. exf6 gxf6 33. Bf3 Bxf3 34. Kxf3 Kf7 35. Ke3 Ke7 36. Nc5 Kd6 37. Ne4+ Ke7 38. Nc3 b4 39. Ne4 bxa3 40. bxa3 Na7 41. Nc3 Kd6 42. Kd4 e5+ 43. fxe5+ fxe5+ 44. Kc4 Ke6 45. g4 Kf6 46. Kd5 Kg5 47. Kxe5 Kxg4 48. Kd6 Kh3 49. Kc7 a4 50. Kb7 Nb5 51. Nxb5 Kxh2 52. Nd4 Kg3 53. Nf5+ Kf4 54. Ng7 Ke5 55. Kb6 Kd5 56. Kb5 Kd6 57. Kxa4 Kc6 58. Kb4 Kb6 59. Nf5 Ka6 60. Kc4 h5 61. Kd3 Ka5 62. Nd4 Ka4 63. Nc2 h4 64. Ke3 h3 65. Kf3 h2 66. Kg2 h1Q+ 67. Kxh1 Kb3 68. Kg2 Ka4 69. Kf3 Kb3 70. Ke2 Kxc2 71. a4 Kb3 72. a5 1-0

[Event "Titled Tuesday intern op 16th May Late"]
[Site "Chess.com INT"]
[Date "2023.05.16"]
[Round "3"]
[White "Haack, Kevin"]
[Black "Ward, Noah"]
[Result "1-0"]
[WhiteElo "2303"]
[BlackElo "2097"]
[PlyCount "83"]
[EventDate "2023.05.16"]
[EventType "swiss (blitz)"]
[EventRounds "11"]
[EventCountry "USA"]
[SourceTitle "CBM 214 Extra"]
[Source "ChessBase"]
[SourceDate "2023.07.31"]
[SourceVersion "1"]
[SourceVersionDate "2023.07.31"]
[SourceQuality "1"]

1. c4 c6 2. e4 d5 3. exd5 cxd5 4. cxd5 Nf6 5. Qa4+ Nbd7 6. Nc3 g6 7. Nf3 Bg7 8. Bc4 0-0 9. Qb3 Nb6 10. d3 Nxc4 11. dxc4 e6 12. 0-0 a6 13. Rd1 exd5 14. cxd5 b5 15. Bf4 Ra7 16. a4 bxa4 17. Rxa4 Re8 18. Nd4 Bb7 19. Ndb5 Ra8 20. Nc7 Ra7 21. Nxe8 Qxe8 22. Be3 Ra8 23. Qxb7 Rb8 24. Qxa6 Rxb2 25. Qc6 Nd7 26. Ra8 Rb8 27. Rxb8 Qxb8 28. Qxd7 Bxc3 29. Bf4 Qb3 30. Qe8+ Kg7 31. Be5+ f6 32. Qe7+ Kh6 33. Bf4+ g5 34. Qe2 gxf4 35. d6 Ba5 36. d7 Bd8 37. Qd3 Qb8 38. Qe4 Kg7 39. h3 Kf7 40. Qe8+ Kg7 41. Rc1 Qc7 42. Rxc7 1-0